ইসলামী রেনেসাঁর অগ্রপথিক / (Record no. 41363)
[ view plain ]
| 000 -LEADER | |
|---|---|
| fixed length control field | 01205nam a2200265 a 4500 |
| 001 - CONTROL NUMBER | |
| control field | 41363 |
| 003 - CONTROL NUMBER IDENTIFIER | |
| rucl marc code | BD-RjUL |
| 005 - DATE AND TIME OF LATEST TRANSACTION | |
| control field | 20211209053355.0 |
| 008 - FIXED-LENGTH DATA ELEMENTS--GENERAL INFORMATION | |
| fixed length control field | 160529s1982 bg ||||| |||| 001 0 ben d |
| 020 ## - INTERNATIONAL STANDARD BOOK NUMBER | |
| Terms of availability | Tk. 24.00 (V-3) |
| 035 ## - SYSTEM CONTROL NUMBER | |
| System control number | (BD-RjUL) 41480 |
| 040 ## - CATALOGING SOURCE | |
| Original cataloging agency | BD-RjUL |
| Language of cataloging | ben |
| Transcribing agency | BD-RjUL |
| 041 ## - LANGUAGE CODE | |
| Language code of text/sound track or separate title | ben |
| 082 ## - DEWEY DECIMAL CLASSIFICATION NUMBER | |
| Edition number | 23 |
| Classification number | 297.61 |
| Author mark and year | NAI 1982 |
| 100 1# - MAIN ENTRY--PERSONAL NAME | |
| Personal name | নদভী, সায়্যিদ আবুল হাসান আলী |
| 9 (RLIN) | 127183 |
| 245 10 - TITLE STATEMENT | |
| Title | ইসলামী রেনেসাঁর অগ্রপথিক / |
| Statement of responsibility, etc. | সায়্যিদ আবুল হাসান আলী নদভী ; আবু সাঈদ মুহাম্মদ ওমর আলী, তরজমায় |
| 260 ## - PUBLICATION, DISTRIBUTION, ETC. (IMPRINT) | |
| Place of publication, distribution, etc. | ঢাকা : |
| Name of publisher, distributor, etc. | ইসলামিক ফাউণ্ডেশন বাংলাদেশ, |
| Date of publication, distribution, etc. | ১৯৮২ |
| 300 ## - PHYSICAL DESCRIPTION | |
| Pagination | খণ্ড ; |
| Size | ২২ সেমি. |
| 500 ## - GENERAL NOTE | |
| General note | নির্ঘণ্ট সংযুক্ত |
| 505 0# - FORMATTED CONTENTS NOTE | |
| Formatted contents note | খণ্ড ৩ --- |
| 650 ## - SUBJECT ADDED ENTRY--TOPICAL TERM | |
| Topical term or geographic name as entry element | ইসলাম |
| General subdivision | সাধক |
| 9 (RLIN) | 127093 |
| Topical term or geographic name as entry element | Islam |
| General subdivision | Leaders |
| 9 (RLIN) | 127094 |
| 700 ## - ADDED ENTRY--PERSONAL NAME | |
| Personal name | আলী, আবু সাঈদ মুহাম্মদ ওমর, তরজমায় |
| 942 ## - ADDED ENTRY ELEMENTS (KOHA) | |
| Source of classification or shelving scheme | Dewey Decimal Classification |
| Koha item type | Books |
| Lost status | Source of classification or shelving scheme | Damaged status | Not for loan | Collection code | Permanent Location | Current Location | Shelving location | Date acquired | Source of acquisition | Total Checkouts | Full call number | Date last seen | Copy number | Koha item type |
|---|---|---|---|---|---|---|---|---|---|---|---|---|---|---|
| Dewey Decimal Classification | Non-fiction | Central Library, University of Rajshahi | Central Library, University of Rajshahi | 31/10/1983 | Islamic Sahitik Center, Dhaka | B 297.61 NAI V-3 1982 | 29/05/2016 | C-2 | Books | |||||
| Dewey Decimal Classification | Not For Loan | Non-fiction | Central Library, University of Rajshahi | Central Library, University of Rajshahi | Reading Room | 31/10/1983 | Islamic songskrriti kandro, gift | B 297.61 NAI V-3 1982 | 05/12/2016 | C-1 | Books |